Giá trị thặng dư trong nền kinh tế nối kết Sách tham khảo
Zapisane w:
| 1. autor: | |
|---|---|
| Format: | Książka |
| Język: | Vietnamese |
| Wydane: |
Hà Nội
Chính trị quốc gia
2016
|
| Hasła przedmiotowe: | |
| Etykiety: |
Dodaj etykietę
Nie ma etykietki, Dołącz pierwszą etykiete!
|
| Thư viện lưu trữ: | Trung tâm Học liệu Lê Vũ Hùng, Trường Đại học Đồng Tháp |
|---|
| LEADER | 00762nam a22002298a 4500 | ||
|---|---|---|---|
| 001 | 00042152 | ||
| 008 | 180820s2016####-vm#################vie|d | ||
| 005 | 20180820170809.0 | ||
| 041 | # | # | |a vie |
| 082 | 1 | 4 | |a 335.412 |b GI100TR |
| 100 | # | # | |a Lê, Thanh Hải |
| 245 | # | # | |a Giá trị thặng dư trong nền kinh tế nối kết |b Sách tham khảo |c Lê Thanh Hải |
| 260 | # | # | |c 2016 |b Chính trị quốc gia |a Hà Nội |
| 300 | # | # | |a 176 tr. |c 21 cm. |
| 653 | # | # | |a Giá trị thặng dư |
| 653 | # | # | |a Tài liệu số |
| 653 | # | # | |a Kinh tế |
| 653 | # | # | |a Phát triển |
| 653 | # | # | |a Sách tham khảo |
| 856 | # | # | |q pdf |
| 910 | |d 20/08/2018 | ||
| 980 | # | # | |a Trung tâm Học liệu Lê Vũ Hùng, Trường Đại học Đồng Tháp |